000 00579nam a2200229Ia 4500
003 OSt
005 20221005124047.0
006 a|||||r|||| 00| 0
007 ta
008 221004b |||||||| |||| 00| 0 urd d
024 _a9276
037 _cTextual
040 _aCRL
_cCRL
_burd
041 _2urd
_aurd
082 _aO168,1:gxNHA7,2, N92
100 _aHamdi Kashmiri
_9206916
245 0 _aMasir Tanqeedi
260 _c1992
650 _aURDU LITERATURE
942 _hO168,1:gxNHA7,2, N92
_cTEXL
_2cc
999 _c1049349
_d1049349